000 00279nam a2200109Ia 4500
008 191201s2013 xx 000 0 und d
100 _aBAJAJ, Sandeep
245 0 _aWorkshop Technology Part-I
260 _c2013
_bIshan Publications
_aNEW DELHI
300 _a300
942 _2ddc
_cBK
_08
999 _c8098
_d8098